Calidad de vida laboral y trabajo digno o decente Nuevos paradigmas en las organizaciones /

Detalles Bibliográficos
Autor principal: Montoya Agudelo, Cšar Alveiro
Formato: eBook
Lenguaje:español
Publicado: Bogot:̀ Ediciones Universidad Cooperativa de Colombia, 2019
Materias:
Acceso en línea:Acceso restringido

MARC

LEADER 00000nam a22000007a 4500
005 20200420230329.0
007 cr|||| ||||
008 200420s2019 co |||||s|||| 00||0 spa d
020 |a 978-958-760-152-7 
035 |a 31300 
040 |a vLex 
090 |c 10296  |d 10296 
100 1 |a Montoya Agudelo, Cšar Alveiro 
245 1 0 |a Calidad de vida laboral y trabajo digno o decente  |h [Recurso electrn̤ico] :  |b Nuevos paradigmas en las organizaciones /  |c Cšar Alveiro Montoya Agudelo 
256 |a Servicio en ln̕ea 
260 |a Bogot:̀  |b Ediciones Universidad Cooperativa de Colombia,  |c 2019 
300 |a 1 recurso electrn̤ico 
500 |a Este libro est ̀enmarcado en el proyecto de investigacin̤ Determinacin̤ de las implicaciones de la subcontratacin̤ o tercerizacin̤ en el trabajo digno o decente, una investigacin̤ interinstitucional desarrollada entre la Universidad Cooperativa de Colombia - Seccional Medelln̕, la Fundacin̤ Universitaria CEIPA, la Facultad de Contadura̕ y Administracin̤ de la Universidad Nacional Autn̤oma de Mx̌ico y la Universidad Vasco de Quiroga de Mx̌ico. Esta publicacin̤ es producto de un trabajo colectivo entre varios investigadores nacionales e internacionales, cuyo interš ha estado fundamentado en presentar diversas reflexiones en el marco de la calidad de vida laboral y el trabajo digno o decente, entendidos como nuevos paradigmas en las organizaciones. Con ello se busca reflexionar sobre el valor que representa este tema en la cotidianidad y en el desarrollo de una sociedad inclusiva y fundamentada en el valor de las personas como elemento primordial para el desarrollo organizacional. 
506 1 |a Disponible solo en los productos indicados  |d vLex Global  |d vLex Global (Academic Edition, excluding Law Schools)  |d vLex Global (U.S. Academic Edition, Law Schools)  |d vLex Global (U.S. Academic Edition, excluding Law Schools)  |d vLex Global (Academic Edition, Law Schools) 
650 0 4 |a Derecho Laboral y Seguridad Social  |z Colombia 
650 0 4 |a Ciencias sociales  |z Colombia 
740 0 |a vLex Libros (Servicio en ln̕ea) 
856 4 0 |u http://vlex.com/source/calidad-de-vida-laboral-y-trabajo-digno-o-decente-nuevos-paradigmas-en-las-organizaciones-31300  |z Acceso restringido 
942 |c BOOK 
999 0 |a Labor Law and Social Security 
999 0 |a Social sciences